000 00363nam a2200145Ia 4500
008 151213s9999 xx 000 0 und d
100 _aC. P . Snow
245 _aThe Conscience of The Pich
_cC. P . Snow
260 _aLondon
_bMacmillan
_c1958`
300 _a4555 p.
650 _aEnglish
650 _aEnglish Literature
700 _aC. P . Snow
999 _c2929
_d2929